Revista Interamericana de Educación de Adultos/

Gorde:
Xehetasun bibliografikoak
Erakunde egilea: OEA. Programa Regional de Desarrollo Educativo
Formatua: Liburua
Hizkuntza:Spanish
Argitaratua: México OEA ; CREPAL
Etiketak: Etiketa erantsi
Etiketarik gabe, Izan zaitez lehena erregistro honi etiketa jartzen!

MARC

LEADER 00000nam a22000007a 4500
003 cru CIDCACS/IIS
005 20200925161141.0
007 ta
008 161116b mx ||||| |||| 00| 0 spa d
040 |c CRAI/IIS  |a CRAI/IIS 
110 |9 555  |a OEA.  |b Programa Regional de Desarrollo Educativo 
245 1 |a Revista Interamericana de Educación de Adultos/  |c OEA, CREFAL 
260 |a México  |b OEA ;  |b CREPAL 
270 |a Quinta Eréndira, 61600 Pátzcuaro, Michoacán  |d México 
942 |2 ddc  |c PP 
999 |c 18745  |d 18745